UBT Library

HISTORICAL STUDIES IN THE LANGUAGE OF CHEMISTRY (Record no. 58969)

000 -LEADER
fixed length control field 00313nam a22001337a 4500
008 - FIXED-LENGTH DATA ELEMENTS--GENERAL INFORMATION
fixed length control field 221121b ||||| |||| 00| 0 eng d
041 ## - LANGUAGE CODE
Language code of text/sound track or separate title eng
080 ## - UNIVERSAL DECIMAL CLASSIFICATION NUMBER
Universal Decimal Classification number 575
082 ## - DEWEY DECIMAL CLASSIFICATION NUMBER
Classification number 575CRO
100 ## - Rafti
Rafti 13
101 ## - Shkurtesa
Shkurtesa BIO
245 ## - TITLE STATEMENT
Title HISTORICAL STUDIES IN THE LANGUAGE OF CHEMISTRY
Statement of responsibility, etc CROSLAND M.P
942 ## - ADDED ENTRY ELEMENTS (KOHA)
Source of classification or shelving scheme
Item type Books
Holdings
Withdrawn status Lost status Source of classification or shelving scheme Damaged status Not for loan Collection code Permanent location Current location Date acquired Total Checkouts Full call number Barcode Date last seen Price effective from Koha item type
          Koleksioni i përgjithshem UBT - Lipjan UBT - Lipjan 11/21/2022   575CRO 002-800028700260765 11/21/2022 11/21/2022 Books
UBT Library © 2015-2024. All rights reserved University Education for Business and Technology